| 000 | 00527nam a2200181 4500 | ||
|---|---|---|---|
| 003 | DO-SdBNP | ||
| 005 | 20180216084051.0 | ||
| 008 | 161206b1998 sp||||| |||| 00| 0 spa d | ||
| 020 | _a848667378X | ||
| 040 |
_aBPMSU _bspa _cBPMSU |
||
| 100 | _aLangen , Annette | ||
| 245 |
_aLas cartas de Félix el explorador / _bAnnette Langen ; ilus. por Constanza Droop |
||
| 260 |
_aBarcelona : _bAcanto , _c1998 |
||
| 300 |
_a20 p. : _bil. : _c23 cm |
||
| 942 |
_2ddc _cBK |
||
| 945 | _ainventariado, 2018 / dg | ||
| 956 | _adgarcia | ||
| 999 |
_c12321 _d12321 |
||